000 00448nam a2200157 i 4500
001 149766
003 ES-MaACL
005 20230906203241.0
007 t|
008 071024s1965 sp ||||1| spa d
100 1 _aValverde, Antonio.
_9113001
245 1 0 _aCon fondo de chistu /
_cAntonio Valverde (Ayalde).
260 _aSan Sebastián :
_bAuñamendi,
_c[1965]
300 _a166 p. :
_bil. ;
_c19 cm.
852 _aES-MaACL
_jC-28301
_bR.57689
999 _c149766
_d149766